000 00429nam a2200181Ia 4500
005 20240827113927.0
008 131103s9999 xx 000 0 und d
040 _aLoreto College
041 _aEnglish
082 _a891.433
_bPRE
100 _aPremchand
245 _aMansarovar part 2
_cPremchand
260 _aAllahabad
_bHangsha
_c1986
300 _a352p.
650 _aHindi - Fiction
850 _aLCBED
942 _cBK
999 _c35261
_d85740